[Event "Gashimov Memorial 4th"]
[Site "Shamkir"]
[Date "2017.04.27"]
[Round "6"]
[White "Kramnik, Vladimir"]
[Black "Mamedyarov, Shakhriyar"]
[Result "0-1"]
[WhiteElo "2811"]
[BlackElo "2772"]
[Annotator "Marin,M"]
[PlyCount "138"]
[EventDate "2017.04.21"]
[EventType "tourn"]
[EventRounds "9"]
[EventCountry "AZE"]
[EventCategory "21"]
[SourceTitle "CBM 178"]
[Source "ChessBase"]
[SourceDate "2017.05.14"]
[SourceVersion "1"]
[SourceVersionDate "2017.05.14"]
[SourceQuality "1"]

1. e4 e5 2. Nf3 Nc6 3. Bc4 Bc5 4. O-O Nf6 5. d3 a6 6. c3 d6 7. Re1 Ba7 8. a4 ({
I find it interesting comparing the following game with the line given in the
comments to 9.Be3 below:} 8. Bb3 h6 9. Nbd2 g5 10. Nf1 g4 11. N3d2 h5 12. Nc4
h4 13. Be3 h3 14. g3 d5 {As Irina told me after the game, this whole variation
was some sort of bluff, but she relied on the fact that the refutation is not
easy to find for White.} 15. Na3 (15. exd5 $1 Qxd5 16. f3 $1 gxf3 17. Qd2 Ng4
18. Nxe5 f2+ 19. Qxf2 $1 $18) 15... d4 16. Bg5 Rh5 17. Qd2 Nxe4 18. Bxd8 Nxd2
19. Nxd2 Kxd8 $17 {Klinova-Bulmaga, Baku 2016.  Unlike in the game below, the
c4-square is available for the knight.}) 8... h6 $5 {Dubois,S-Steinitz,W
British CA-05 Casual Games 1862 0-1 This may mean many things. Black may only
wish to avoid Bg5 or Ng5, which are not dangerous at this point in the game,
or wait for White to disclose his cards by playing a useful move before
castling. But most likely Black may wish to start a kingside attack in the
spirit of, for instance,} ({The main line goes} 8... O-O 9. h3 (9. Nbd2 Ng4 10.
Re2 Kh8 {Topalov,V (2761)-Nakamura,H (2787) Leuven 2016 CBM 173 [Besenthal,K] 
(1-0, 45)}) 9... h6 (9... Ne7 10. d4 Ng6 {Carlsen,M (2853)-Karjakin,S (2772)
New York 2016 CBM 176 [Navara,D] (1/2-1/2, 84)}) 10. Nbd2 Ne7 11. Nf1 Ng6 12.
Ng3 c6 {Giri,A (2793)-Nakamura,H (2790) Moscow 2016 CBM 172 [Mekhitarian,K] (1/
2-1/2, 53)}) 9. Be3 $5 $146 {Aticipating Black's planned attack, White decides
on neutralising the annoying pressure along the g1-a7 diagonal.} ({Here is a
recent example when the kingside plan was successful:} 9. Nbd2 g5 $5 10. Nf1 ({
Actually it makes sense keeping the knight on d2 so as to be able to answer
the later ...Nxe4 with Nxe4. For instance:} 10. b4 g4 11. Nh4 Nxe4 12. Nxe4
Qxh4 13. d4 f5 14. Ng3 e4 15. b5 {The a7-bishop is passive and the king is
exposed in the centre.}) 10... g4 11. Nh4 (11. N3d2 h5 12. Ne3 h4 {[%cal Gg4g3,
Ga7g1]}) 11... Nxe4 12. dxe4 Qxh4 13. Be3 Be6 {Anand,V (2770)-Wei,Y (2694)
Leon 2016 (½-½, 45), with an extra pawn and adequate play for Black.}) 9...
Bxe3 10. Rxe3 O-O ({Actually there are no obvious reasons for refraining from
the initial plan (if this was the plan, indeed). The exchange of bishops has
only increased Black's stability on the dark squares without reducing the
impact of the pawn attack too much:} 10... g5 11. d4 g4 12. Ne1 h5 13. Nc2 h4
14. Nd2 Nh5 $13) 11. Nbd2 Re8 {Taking the usual measures against d3-d4.} ({
Due to the exposed rook on e3, Black could think of breaking in the centre
himself:} 11... d5 12. exd5 Nxd5 13. Re4 $5 {This practically wastes a tempo,
but it more or less forces Black into exposing one of his pieces.} (13. Re1 Nf4
14. Nxe5 $2 Qg5 $19) 13... Bf5 (13... Nf4 14. Nxe5 Qg5 15. Rxf4 Qxf4 16. Ng6
$16) (13... Re8 14. d4 $14) (13... Qd6 14. Re1 {[%csl Gd6][%cal Gd2e4] will
retrieve the tempo on the next move with Ne4.}) 14. Re1 Nf4 15. Nxe5 Nxe5 (
15... Qg5 $2 16. Qf3 $16 {is good for White as with the bishop on f5 the
e5-knight is not hanging any more.}) 16. Rxe5 Bxd3 17. Qf3 Qf6 18. Re3 Bxc4 19.
Nxc4 {with just some symbolic initiative for White.}) 12. d4 {The most active
move but} (12. Qb3 Re7 13. a5 {would have offered White a small plus, delaying
the central committment.}) 12... exd4 $5 {An enterprising move.} ({If Black
wanted to play ...Bc8-g4, it is better, indeed, to release the tension first.
If} 12... Bg4 13. Qb3 Qd7 14. dxe5 dxe5 (14... Nxe5 15. Nxe5 dxe5 16. Rd3 Qe7
17. Qxb7 $14) 15. Rd3 Qe7 16. Qxb7 Na5 17. Qb4 Qxb4 18. cxb4 Nxc4 19. Nxc4 Bxf3
(19... Nxe4 20. Nfxe5 $16) 20. gxf3 {Defending e4.} Rab8 21. Rb3 Nh5 22. Rc1
$14 {Black's structure is imperfect but he is a pawn up after all and Black
also has weaknesses on the queenside.}) 13. cxd4 Bg4 {This will eventually
lead to an interesting structure.} (13... d5 {is playable, but Black is mainly
struggling a bit:} 14. exd5 Rxe3 15. fxe3 Nxd5 16. Qe2 Qd6 17. e4 Nb6 18. Qe3
Nxc4 19. Nxc4 Qb4 {White's chances to put his impressive centre into motion
are slightly marred by his queenside weaknesses.}) 14. Qb3 Qd7 15. Bd3 {
The most solid move.} (15. e5 {leads to simplifications and approximate
equality:} Na5 16. Bxf7+ Qxf7 17. Qxf7+ Kxf7 18. exf6 Rxe3 19. fxe3 Kxf6 $11) (
15. a5 Bxf3 {wins one of the central pawns.}) 15... d5 16. e5 (16. exd5 {
only makes sense if White goes for the b7-pawn but this is dubious:} Nxd5 17.
Rxe8+ Rxe8 18. Qxb7 Ndb4 19. Be4 Bxf3 20. Bxf3 Nxd4 $15 {Black has two
excellent knights, dominating the board.} 21. Qxb4 $2 Nc2 22. Qc4 Nxa1 {
[%csl Gd2][%cal Ge1g1]}) 16... Nh5 {[%csl Gd4][%cal Gh5f4,Gf4e6] Black
concentrates his forces on the kingside, believing in his attacking chances.} (
16... Ne4 {is not an entirely sound pawn sacrifice:} 17. Nxe4 dxe4 18. Bxe4
Bxf3 19. Bxf3 Nxd4 20. Qxb7 $14) 17. g3 {[%csl Gh5]} f5 {Adding more strategic
tension.} ({A player with a cautious style might have considered} 17... g6 {
[%cal Gh5g7,Gg7e6]}) 18. Ree1 {By keeping the kingside closed Kramnik shows
that he believes in his space advantage, but takes up the risk that Black's
slow attack would prevail.} (18. exf6 {is simpler and not necessarily less
strong.} Rxe3 19. fxe3 Bxf3 {Clearing the g4-square for the knight in view of
the possible sequence below.} (19... Nxf6 $2 20. Ne5 Nxe5 21. dxe5 Nh7 22. Qxb7
$18) 20. Nxf3 Nxf6 21. Ne5 (21. e4 Qg4 22. Rf1 Rd8 {allows Black to complete
his development with effective pressure against the white centre.}) 21... Nxe5
22. dxe5 Ng4 23. Qxb7 {Black has obvious chances for kingside counterplay but
the plan of grabbing a6 and advancing his own pawn is simple and relatively
quick.}) 18... a5 19. Rac1 $6 {After this indiferrent move, allowing the
c6-knight's activation, Black can solve a big part of his problems.} ({The
only way to prevent Black's next move was} 19. Bb5 {Kramnik might have feared
moving with the bishop far from the kingside (with the possible plan of
exchanging it on c6) but it seems that he could have maintained the control:}
f4 20. Rac1 Qe6 21. Rc5 Rad8 ({White seems to be a bit hanging after} 21... Rf8
22. Rxd5 Kh8 {but} 23. Bc4 $16 {consolidates.}) 22. Bxc6 bxc6 23. Qc3 $16 {
Black's queenside will soon be in ruins and there is no obvious way of
including the passive knight in the attack.}) 19... Nb4 {Black is rock solid
and safe on the queenside and the main events will most likely take place on
the opposite wing.} 20. Bf1 {This passive move absolves Black of any problem.}
(20. Bb1 {inhibits ..f5-f4 but allows the active} Ra6 (20... f4 $6 {[%cal
Gb1g6]} 21. e6 $1 Bxe6 22. Ne5 Qd6 23. Bg6 $16) 21. Kg2 f4 22. Ng1 g5 $132) ({
Kramnik misses the last chance for figthing for the initiative:} 20. e6 $5 Qd6
$5 (20... Rxe6 21. Ne5 Qe7 ({In principle d6 is a better square for the queen,
but} 21... Qd6 {allows} 22. Ndc4 $1 {[%csl Gf5][%cal Gc4e3]} dxc4 $2 23. Bxc4
$18) 22. Bb1 Bh3 23. Ndf3 {[%cal Yf3h4]} g5 24. Nd3 Nf6 25. Nc5 Rxe1+ 26. Rxe1
Ne4 27. Nxe4 fxe4 28. Bxe4 $36) 21. Kg2 $5 {[%csl Gf5][%cal Gh2h3]} (21. Ne5
Bh3 22. Ndf3 Rxe6 23. Nh4 g6 {With the queen on e7 the g6-pawn would be
hanging.})) 20... f4 {[%cal Ge8e7,Gc7c6,Ga8f8,Gg7g5] Black's initiative
threatens to become concrete.} 21. e6 {After Black cleared the path backwards
for his bishop this is less strong than one move earlier, allowing White only
to avoid the worse of it.} Bxe6 22. Ne5 Qd6 23. Qf3 {Retrieving the pawn.} Nf6
24. Qxf4 c6 25. f3 Nd7 26. Nb3 Rf8 27. Qe3 Bf5 28. Qd2 $11 {White has an
advantage on the right half of the board, but Black is better on the queenside.
The position remains complicated but balanced.} Na2 {The move repetition
initiated by this move may hint at Mamedyarov's wish to reach a draw.} ({
But Black could have also played some consolidating moves for instance} 28...
b6 29. f4 Rae8) ({or} 28... g5 29. Nc5 Nxc5 30. Rxc5 b6 $11) ({He could have
also embarked on the strategically riskier but also promising} 28... Nxe5 29.
dxe5 Qc7 30. Nd4 Qb6 {[%cal Gf5h7] It is far from clear whose pawns are
stronger but the b4-knight surely plays an important part.}) 29. Ra1 Nb4 30.
Nxd7 $2 {A serious concession. The knight was a dominant piece restricting
Black's possibilities. In the last line above the exchange on e5 freed the
d4-square for the reserve knight. Kramnik will later install a rook on e5, but
this will put less pressure on Black, who will be able to exchange only when
the circumstances are ripe for it.} Bxd7 31. Qc3 b6 $1 {A move with long term
consequnces. For the time being Black restricts the b3-knight, but in the long
run it will allow ...Rxe5 and if dxe5 then ...c6-c5.} 32. Re5 Rae8 33. Rae1 Qg6
34. Nd2 Qc2 {[%csl Ga4,Gd4]} 35. f4 Rxe5 36. dxe5 Be6 37. Qxc2 Nxc2 38. Rc1 Nb4
39. Nf3 c5 $15 {Black's pawns are more mobile than White's and both his minor
pieces more active.} 40. h4 {If Black would play '''h6-h5 the structure on the
opposite wings would be almost symmetrical (with the main difference that
Black has not played ...d5-d4). But of course it makes no sense offering the
white knight such a good square on g5.} Kf7 41. h5 {Strategically correct but
concretely losing a pawn.} Bg4 42. Nh4 Bxh5 43. Nf5 Bg4 44. Ne3 Bd7 45. Bg2 (
45. f5 Bxa4 $19) 45... d4 {Exchanging the b6-pawn for the a4-pawn.} ({Keeping
the tension was also possible as the maximum White could achieve on the
kingside after losing the h5-pawn was pushing his central pawns to f5 and e6,
thus allowing Black to block them:} 45... Bc6 $17 46. f5 $6 Re8 47. e6+ Kf6 $19
) 46. Nc4 Bxa4 47. Nxb6 Bc2 48. Nc4 d3 $6 {Conceding the control over e3 and
restricting his own bishp too soon.} (48... a4 $1 $17 49. Bf3 Ke7 {[%cal Gg7g5]
} 50. Na3 d3 51. Kf2 Rd8 52. Bd1 Rb8 {[%cal Gb4a2]}) 49. Nd2 $6 (49. Bf3 $1 {
[%csl Gd1] offered good chances for a fortress.} Ke6 50. Kf2 d2 {[%cal Gb4d3]}
(50... g5 51. Ke3 {[%csl Ge3][%cal Gd4d3]}) 51. Ra1 $1) 49... a4 50. Kf2 c4 {
The pawn is temporarily taboo, but later it will be vulnerable.} (50... Ke6 $5)
51. Ke3 (51. Nxc4 d2 $19) 51... Rc8 52. Ne4 Kf8 53. Nc3 Rb8 54. Rf1 $6 {
White's counterplay is too slow. He should have kept his majority as a latent
threat and taken preventive measures to save the b2-pawn.} (54. Bf3 $5 {
[%cal Ge3d2]} Na6 $6 55. Bd1 $1) 54... Na6 55. f5 Rxb2 56. f6 $2 (56. Bd5 $5
$17) 56... Nc7 $19 57. Bh3 d2 $1 58. Bg4 (58. Kxd2 Bd3+ 59. Kc1 Rc2+) 58... a3
59. e6 gxf6 60. Rxf6+ Kg8 61. e7 a2 62. Ra6 d1=Q 63. Nxd1 Bxd1 64. Ra8+ Kg7 65.
Bxd1 Rb1 66. Rxa2 Rxd1 67. Ra7 Ne8 68. Ra4 Rd3+ 69. Kf4 c3 0-1

[Event "Norway Chess 7th"]
[Site "Stavanger"]
[Date "2019.06.05"]
[Round "2"]
[White "Anand, Viswanathan"]
[Black "Mamedyarov, Shakhriyar"]
[Result "0-1"]
[WhiteElo "2767"]
[BlackElo "2774"]
[Annotator "Lupulescu,C"]
[PlyCount "68"]
[EventDate "2019.06.04"]
[EventType "tourn"]
[EventRounds "9"]
[EventCountry "NOR"]
[SourceTitle "CBM 191"]
[Source "ChessBase"]
[SourceDate "2019.08.31"]
[SourceVersion "1"]
[SourceVersionDate "2019.08.31"]
[SourceQuality "1"]

1. e4 c5 2. Nf3 Nc6 {This move order most likely aiming for a Sveshnikov is
quite rare in Mamedyarov's repertoire lately - the last time he used it was in
a rapid playoff against Caruana back in 2016.} 3. Bb5 g6 4. Bxc6 bxc6 5. O-O
Bg7 6. Re1 Nh6 7. c3 O-O 8. h3 (8. d4 {The direct approach doesn't offer many
chances for advantage because Black still has the Bg4 resource} cxd4 9. cxd4 d5
10. e5 f6 11. Qc2 Bg4 12. Nbd2 Qb6 13. h3 Bxf3 14. Nxf3 Nf5 $13 {Lupulescu,C 
(2617)-Fier,A (2570) Rio Achaea 2018 is one example where White didn't achieve
much.}) 8... f5 (8... d5 {used to be fashionable but Black was not entirely
satisfied for example} 9. d3 c4 10. dxc4 dxe4 11. Qxd8 Rxd8 12. Rxe4 e5 13. Re1
f6 14. Nbd2 Nf7 15. Ne4 f5 16. Neg5 e4 17. Nxf7 Kxf7 18. Bg5 Rd3 19. Nd4 Ba6
20. b3 c5 21. Ne2 $14 {1-0 (58) Anand,V (2776)-Gelfand,B (2743) Moscow 2016})
9. e5 Nf7 10. d3 {Basically White tries to play against Black's light squared
B and damaged structure on the queenside while Black should strive for
activity.} Rb8 11. b3 d6 12. Bf4 {The point e5 is a key square in this
position. If White could control it, then he would have the upper hand.} (12.
e6 $2 Ne5 {would just lose a pawn.}) 12... h6 {A logical novelty.} (12... Qc7
13. Qe2 Nd8 14. Nbd2 Ne6 15. Qe3 Nxf4 16. Qxf4 {and Black looked suspicious in
Inarkiev,E (2702)-Gelfand,B (2729) Nazran 2017, ½-½ (49).}) 13. h4 (13. e6 $2
Nh8 14. h4 Rf6 {again loses the e6 pawn.}) 13... e6 14. exd6 (14. Qd2 g5 15.
hxg5 hxg5 16. Nxg5 dxe5 17. Nxf7 Kxf7 18. Bxe5 Bxe5 19. Rxe5 Qh4 20. Re3 Rg8 {
is looking quite dangerous for White}) 14... g5 15. Be5 {The most sensible
approach leading to mass simplification.} Nxe5 16. Nxe5 Qxd6 17. Qe2 Bxe5 18.
Qxe5 Qxe5 19. Rxe5 Rd8 20. Rxc5 Rxd3 21. Na3 {After a long forced sequence we
get to a complex endgame. If White's N had a way to realistically settle on e5
Black would be busted. As it is, the chances are roughly level.} Bd7 22. Ra5 (
22. Nc4 Rxc3 23. hxg5 hxg5 24. Ra5 Rb7 25. Rd1 {gave White no more than
compensation.}) 22... Rb7 23. hxg5 hxg5 24. c4 (24. Rc1 Kg7 25. Nc4 Kf6 26. Ne5
Rd5 $13 {- again White cannot keep his stallion on e5 for long.}) 24... Kg7 25.
c5 Kf6 26. Nc4 e5 27. Nd6 Rc7 {White managed to get his N to a more active
post on d6 but in the meantime also Black managed to activate his K.} 28. f3
Ke6 29. Re1 Rd5 30. b4 {A risky strategical decision preparing to self-block
the Ra5.} (30. Kf2 {was normal with an even game}) 30... Rd4 31. a3 $6 ({
It was not too late for} 31. Ra3 f4 (31... Rxb4 $2 32. Rae3 e4 33. fxe4 f4 34.
Rh3 $16 {[%cal Gh3h7]}) 32. Rb3 $13) 31... g4 {Now, at least in practical play,
Black is getting some chances.} 32. Ra6 Kd5 33. Nf7 $4 {A terrible blunder.} (
33. fxg4 Rxg4 34. Rf1 Kd4 $1 (34... e4 35. Rd1+ Ke5 36. Nc4+ $13) 35. Ra4 (35.
Nxf5+ Bxf5 36. Rxf5 e4 $17 {[%csl Ya6]}) 35... Rf4 (35... Kc3 36. Rf3+ Kc2 37.
Nxf5 Bxf5 38. Rxf5 e4 39. b5 $1 $11) 36. Rxf4+ exf4 37. Kf2 Be6 38. Ra6 Bd5 39.
Nxf5+ Ke4 40. Nd6+ Ke5 {[%csl Yg2] White still has a long struggle ahead.})
33... e4 {This is what Anand missed.} ({White was counting on} 33... Bc8 34.
Rxe5+ Kc4 35. Nd6+) 34. fxg4 {Ending the suffering.} ({After} 34. fxe4+ fxe4
35. Nd6 g3 $19 {[%cal Ge4e3] White would not survive for long either.}) 34...
Bc8 {White loses at least a piece. A very complex struggle that ended quite
abruptly.} 0-1

[Event "Riga FIDE GP"]
[Site "Riga"]
[Date "2019.07.22"]
[Round "4.1"]
[White "Mamedyarov, Shakhriyar"]
[Black "Vachier Lagrave, Maxime"]
[Result "1-0"]
[WhiteElo "2765"]
[BlackElo "2775"]
[Annotator "Pelletier,Y"]
[PlyCount "55"]
[EventDate "2019.07.12"]
[EventType "k.o."]
[EventRounds "4"]
[EventCountry "LAT"]
[SourceTitle "CBM 191 Extra"]
[Source "ChessBase"]
[SourceDate "2019.09.30"]
[SourceVersion "1"]
[SourceVersionDate "2019.09.30"]
[SourceQuality "1"]

1. d4 Nf6 2. c4 g6 3. Nc3 d5 4. cxd5 Nxd5 5. e4 Nxc3 6. bxc3 Bg7 7. Qa4+ Qd7 8.
Qa3 {Maxime Vachier-Lagrave plays exclusively the Grunfeld against 1.d4.
Despite his phenomenal knowledge and experience, he is clearly a fixed target
and sometimes fails pray to clever preparation by his opponents. Exactly this
happens in this encounter. Using an earlier game Bogner-MVL, Shakhriyar
Mamedyarov finds a little deviation somewhere, which he hopes to have escaped
the attention of the French champion.} b6 9. Nf3 Bb7 ({Together with his
second Etienne Bacrot, MVL repaired the line for the tie-break matches. In two
games there, he preferred} 9... c5 10. Bd3 Nc6 {and clearly solved his opening
problems.}) 10. Bd3 O-O 11. O-O c5 12. Bf4 ({The aforementioned game
Bogner-MVL (Bundesliga 2015) went} 12. Rd1 cxd4 13. cxd4 Nc6 14. Bb2 e6 {
with equal chances}) 12... cxd4 13. cxd4 Nc6 (13... e6 14. Rac1 {is not
entirely satisfactory}) ({, but} 13... Bxd4 14. Nxd4 Qxd4 15. Qxe7 Qxd3 16.
Qxb7 Na6 {was a straight-forward attempt to solve Black's problems. Yet, after}
17. Rfd1 Nc5 18. Rxd3 Nxb7 19. Ra3 $5 {, things are not so easy.}) 14. d5 Na5
15. Rac1 Rfc8 16. h3 $5 {This quiet little move shows how difficult Black's
position in fact is. The French player tries to disentangle with} e6 17. d6 f6
{[%cal Ge6e5] , but underestimates the consequences of} 18. e5 Bxf3 19. exf6 $1
{, when he is already in big troubles.} Bxf6 (19... Bxg2 20. Kxg2 Bxf6 21. Ba6
Rxc1 22. Rxc1 e5 23. Rc7 Qe6 24. Bd2 $18) 20. gxf3 e5 21. Bd2 Rxc1 (21... Kh8
22. Ba6 $16) 22. Rxc1 Rc8 23. Rxc8+ Qxc8 24. Kg2 ({MVL was hoping for} 24. Bxa5
bxa5 25. Qxa5 Qc1+ {, when things aren't over yet. But Mamedyarov leaves the
knight on the rim and increases the pressure.}) 24... Bd8 25. Be4 Qe6 26. Qd3
Kg7 27. Bc3 Qf6 28. Kf1 {At first sight, it may seem strange to resign here
already, but Black is completely tied. White will soon win e5 and launch the
final attack.} 1-0